Managerial Economics: The Analysis of Business Decisions. (Record no. 5732)

MARC details
005 - DATE AND TIME OF LATEST TRANSACTION
control field 20250627155344.0
020 ## - INTERNATIONAL STANDARD BOOK NUMBER
International Standard Book Number 0-333-39864-5
082 ## - DEWEY DECIMAL CLASSIFICATION NUMBER
Classification number 658.1'51 HIL
100 ## - MAIN ENTRY--PERSONAL NAME
Author name HILL, S.
245 ## - TITLE STATEMENT
Title Managerial Economics: The Analysis of Business Decisions.
260 ## - PUBLICATION, DISTRIBUTION, ETC.
Place of publication, distribution, etc. London,
Name of publisher, distributor, etc. Macmillan Education LTD,
Date of publication, distribution, etc. 1989.
300 ## - PHYSICAL DESCRIPTION
Extent xi, 366p.: ill.; figure, table
Other physical details Index & References
Dimensions 24cm
942 ## - ADDED ENTRY ELEMENTS (KOHA)
Source of classification or shelving scheme Dewey Decimal Classification
Koha item type Books
Holdings
Date last seen Total checkouts Full call number Barcode Cost, replacement price Price effective from Koha item type Lost status Source of classification or shelving scheme Damaged status Not for loan Withdrawn status Home library Current library Shelving location Date acquired Cost, normal purchase price
06/27/2025   658.1'51 HIL DOM0002646 60000.00 06/27/2025 Books   Dewey Decimal Classification       CBE Dodoma CBE Dodoma General Collection 01/16/2006 20000.00